000
00282nam a2200109Ia 4500
008
200302s9999 xx 000 0 und d
100
_a
Alok Satsangi
245
_a
Disaster Management and Environmental Education
260
_b
Book Enclave Publication
260
_c
2017
300
_a
281
999
_c
7223
_d
7223